| 000 | 00602cam a2200241 4500 | ||
|---|---|---|---|
| 001 | J1004 | ||
| 008 | 090401t1986 xxu||||| |||| 00| 0 eng d | ||
| 035 | _a(Sirsi) u41420 | ||
| 041 | _aeng | ||
| 050 | _a526.9092 | ||
| 100 | _aFentiman, A.F. | ||
| 245 | _aJohn Snape land surveyor 1737-1816: a comprehensive list of his works. | ||
| 260 |
_aSutton Coldfield _bThe author _c1986 |
||
| 300 | _a25p. : ill. ; 30cm. | ||
| 350 | _a0 | ||
| 650 | _aLAND SURVEYORS | ||
| 650 | _aMAPS | ||
| 650 | _aPLANS | ||
| 650 | _aSNAPE JOHN | ||
| 690 | _aLAND SURVEYING | ||
| 942 | _n0 | ||
| 948 | _c04/03/1997 | ||
| 999 |
_c90932 _d90932 |
||